000 00323pam a2200133 a 4500
020 _c
041 _h
082 _a630
_bMAH
100 _aMahajan, V.S.
245 _aGrowth Of Agricultures And Industry In India
_hTextual Documents
260 _aNew Delhi
_bDeep And Deep Publication
300 _a176/CB
930 _a5219
999 _c112049
_d112049